[Event "FIDE Chesscom Grand Swiss 2019"]
[Site "Douglas-Isle of Man"]
[Date "2019.10.12"]
[Round "3.18"]
[White "Erenberg, Ariel"]
[Black "Mamedov, Rauf"]
[Result "0-1"]
[WhiteElo "2463"]
[BlackElo "2645"]
[Annotator "RC"]
[PlyCount "76"]
[EventDate "2019.10.10"]
[EventType "swiss"]
[EventCountry "GBR"]
[SourceTitle "playchess.com"]
[Source "ChessBase"]
[SourceQuality "1"]
[TimeControl "40/6000+30:20/3000+30:900+30"]

1. d4 {[%emt 0:00:00]} Nf6 {[%emt 0:00:00]} 2. c4 {[%emt 0:00:00]} e6 {[%emt 0:00:00]} 3. Nf3 {[%emt 0:00:00]} d5 {[%emt 0:00:00]} 4. Nc3 {[%emt 0:00:03]} Nbd7 {[%emt 0:00:04]} 5. Bg5 {[%emt 0:02:13]} h6 {[%emt 0:01:59]} 6. Bh4 {[%emt 0:00:11]} c6 {[%emt 0:00:07]} 7. e3 {[%emt 0:00:08]} g5 {[%emt 0:00:04]} 8. Bg3 {[%emt 0:00:30]} Nh5 {[%emt 0:00:04]} 9. Bd3 {[%emt 0:11:44]} Nxg3 {[%emt 0:02:43]} 10. hxg3 {[%emt 0:00:02]} g4 {[%emt 0:04:36]} 11. Nd2 {[%emt 0:17:40]} Nf6 {[%emt 0:00:07]} 12. Qc2 {[%emt 0:05:49]} Bd7 {[%emt 0:00:13]} 13. e4 {[%emt 0:25:28]} dxe4 {[%emt 0:05:11]} 14. Bxe4 {[%emt 0:04:20]} Nxe4 {[%emt 0:16:57]} 15. Qxe4 {[%emt 0:09:21]} Qg5 {[%emt 0:01:44]} 16. c5 {[%emt 0:00:52]} f5 {[%emt 0:31:01]} 17. Qe2 {[%emt 0:05:07]} Bg7 {[%emt 0:07:24]} 18. Nc4 {[%emt 0:00:52]} O-O {[%emt 0:02:10]} 19. Rd1 {[%emt 0:08:32]} Rad8 {[%emt 0:05:48]} 20. O-O {[%emt 0:02:18]} h5 {[%emt 0:05:44]} 21. Nd6 {[%emt 0:05:30]} b6 {[%emt 0:02:21]} 22. Qd3 {[%emt 0:04:31]} h4 {[%emt 0:02:36]} 23. Ne2 {[%emt 0:00:06]} hxg3 {[%emt 0:01:23]} 24. fxg3 {[%emt 0:00:10]} Rb8 {[%emt 0:01:46]} 25. b3 {[%emt 0:01:00]} bxc5 {[%emt 0:00:55]} 26. dxc5 {[%emt 0:00:06]} e5 {[%emt 0:00:12]} 27. Qc4+ {[%emt 0:02:44]} Kh7 {[%emt 0:00:31]} 28. Rf2 {[%emt 0:01:17]} Qh5 {[%emt 0:08:05]} 29. Nc3 {[%emt 0:02:34]} Rf6 {[%emt 0:00:46]} 30. Kf1 {[%emt 0:00:44]} Be6 {[%emt 0:06:37]} 31. Qa6 {[%emt 0:00:04]} e4 {[%emt 0:00:28]} 32. Ncxe4 {[%emt 0:01:28]} fxe4 {[%emt 0:01:48]} 33. Rxf6 {[%emt 0:00:05]} Bxf6 {[%emt 0:00:06]} 34. Qxa7+ {[%emt 0:00:25]} Bg7 {[%emt 0:00:44]} 35. Qxb8 {[%emt 0:01:04]} Qh1+ {[%emt 0:00:04]} 36. Ke2 {[%emt 0:00:07]} Qxg2+ {[%emt 0:00:03]} 37. Ke3 {[%emt 0:00:07]} Qf3+ {[%emt 0:00:06]} 38. Kd2 {[%emt 0:00:02]} Qf2+ {[%emt 0:00:04]} 0-1

[Event "FIDE Chesscom Grand Swiss 2019"]
[Site "Douglas-Isle of Man"]
[Date "2019.10.12"]
[Round "3.19"]
[White "Anton Guijarro, David"]
[Black "Najer, Evgeniy"]
[Result "1/2-1/2"]
[WhiteElo "2674"]
[BlackElo "2635"]
[Annotator "TA"]
[PlyCount "131"]
[EventDate "2019.10.10"]
[EventType "swiss"]
[EventCountry "GBR"]
[SourceTitle "playchess.com"]
[Source "ChessBase"]
[SourceQuality "1"]

{[%evp 9,131,0,4,2,14,14,19,18,38,50,38,45,78,77,79,65,77,72,132,129,156,152,154,162,150,53,53,56,56,41,54,56,82,86,82,91,84,82,83,73,65,68,81,95,116,112,101,106,114,51,78,0,60,70,66,59,63,58,38,53,45,0,0,0,127,127,348,0,21,0,339,77,71,71,75,44,144,139,126,60,122,122,112,128,123,0,0,0,0,0,0,0,0,-2,-2,-8,-8,-18,-21,-38,-38,-38,-38,-38,-38,-38,-38,-38,-38,-38,-38,-38,-38,-38,-38,-38,-38,-38,-38,-38,0,0,0,0]} 1. c4 e5 2. g3 c6 3. d4 e4 4. d5 (4. Qa4 d5 5. cxd5 Nf6 6. Nc3 b5 7. Qc2 Bb4 8. Bg5 cxd5 9. e3 a6 10. a4 h6 11. Bxf6 Qxf6 12. axb5 {1-0 (39) Anton Guijarro,D (2674)-Sunilduth Lyna,N (2611) Khanty-Mansiysk 2019}) 4... Bb4+ 5. Bd2 Qe7 6. e3 {A20: English Opening: 1...e5} Nf6 $146 ({Predecessor:} 6... cxd5 7. cxd5 Nf6 8. Nc3 O-O 9. Bg2 Na6 10. Nge2 Nc7 11. Qb3 Bxc3 12. Nxc3 {1-0 (36) Lazic,M (2494)-Pap,M (2504) Kragujevac 2010}) 7. Bxb4 Qxb4+ {[%mdl 64] Double Attack} 8. Qd2 Qxd2+ 9. Nxd2 d6 10. Ne2 O-O 11. Nc3 Bf5 12. h3 g5 13. O-O-O h6 (13... a6 $142) 14. Nb3 $16 Rd8 15. g4 Bg6 16. Na5 Rd7 17. b4 (17. dxc6 $1 $16 bxc6 18. a3) 17... c5 $14 18. bxc5 dxc5 19. Bg2 Na6 20. a3 Re8 21. Kc2 Kg7 22. Rb1 b6 23. Nc6 Nb8 24. Nxb8 Rxb8 25. a4 Kf8 26. a5 Ke7 27. Rb2 Kd6 28. Ra1 Rdb7 29. Nb5+ (29. Rab1 $16) 29... Ke5 30. axb6 ({Better is} 30. Bf1 $16) 30... axb6 (30... Rxb6 $11 31. Rxa7 Nxd5) 31. Na7 {Threatens to win with Nc6+.} Kd6 32. Ra6 Nd7 $1 33. Nb5+ Ke5 34. Kc3 $36 {[%mdl 2048] White fights for an advantage.} f5 35. f4+ exf3 $1 36. Bxf3 Nf6 (36... fxg4 $11 37. hxg4 Rf8) 37. Na7 $1 $16 {[%cal Ra7c6] Hoping for Nc6+.} Kd6 $2 (37... Be8 $16 {is a better defense.}) 38. Nb5+ $2 ({White must play} 38. Nc6 $1 $18) 38... Ke5 $11 39. Na7 $2 {[%mdl 8192]} (39. Kd2 $11) 39... Kd6 $1 $18 {[#]} 40. Rf2 $2 (40. Nc6 $1 $18 {[%cal Rc6b8] and the rest is easy.} Re8 41. Na5) 40... fxg4 $16 41. hxg4 Rf8 {And now ...Nxg4! would win.} 42. Rh2 h5 (42... Be4 $14 43. Bxe4 Nxe4+ 44. Kb3 Rf6) 43. gxh5 g4 44. Bg2 (44. hxg6 $16 gxf3 45. Nb5+ Ke5 46. Ra1) 44... Be4 ({Black should try} 44... Ne4+ $14 45. Bxe4 Bxe4) 45. Bxe4 Nxe4+ {[#]} 46. Kd3 $1 {[%cal Rd3e4]} g3 47. Rg2 (47. Nb5+ $16 Ke5 48. Rh4 Nf2+ 49. Ke2) 47... Rf2 $11 48. Kxe4 Rxg2 {[%mdl 4096] Endgame KRR-KRN} 49. Nb5+ Ke7 50. Ra8 Kf6 {aiming for ...Rf2.} 51. Kf3 Rh2 52. Kxg3 Rxh5 53. Kf3 Rh3+ 54. Ke2 Re7 55. Rf8+ Kg7 56. Rf3 Rxf3 57. Kxf3 $15 {Black must now prevent d6. KR-KN} Kf6 58. Ke2 Ke5 59. Kd3 Rh7 60. Nc3 Rh2 61. Nb5 Rb2 62. Nc3 Rb4 63. Nb5 $1 Rb3+ 64. Kd2 Rxb5 65. cxb5 Kxd5 {Strongly threatening ...Kc4.} 66. Kc3 {Accuracy: White = 60%, Black = 56%.} 1/2-1/2

[Event "FIDE Chesscom Grand Swiss 2019"]
[Site "Douglas-Isle of Man"]
[Date "2019.10.12"]
[Round "3.19"]
[White "Riazantsev, Alexander"]
[Black "Atalik, Ekaterina"]
[Result "1-0"]
[WhiteElo "2645"]
[BlackElo "2464"]
[Annotator "RC"]
[PlyCount "73"]
[EventDate "2019.10.10"]
[EventType "swiss"]
[EventCountry "GBR"]
[SourceTitle "playchess.com"]
[Source "ChessBase"]
[SourceQuality "1"]
[TimeControl "40/6000+30:20/3000+30:900+30"]

1. d4 {[%emt 0:00:00]} Nf6 {[%emt 0:00:01]} 2. c4 {[%emt 0:00:00]} e6 {[%emt 0:00:15]} 3. Nf3 {[%emt 0:00:00]} d5 {[%emt 0:00:29]} 4. Qc2 {[%emt 0:00:08]} dxc4 {[%emt 0:04:54]} 5. e3 {[%emt 0:02:18]} a6 {[%emt 0:02:30]} 6. Bxc4 {[%emt 0:01:42]} b5 {[%emt 0:01:19]} 7. Be2 {[%emt 0:03:33]} Bb7 {[%emt 0:02:55]} 8. a4 {[%emt 0:00:10]} b4 {[%emt 0:00:31]} 9. O-O {[%emt 0:01:08]} Nbd7 {[%emt 0:00:34]} 10. Nbd2 {[%emt 0:00:33]} c5 {[%emt 0:02:43]} 11. b3 {[%emt 0:03:31]} Rc8 {[%emt 0:08:08]} 12. Nc4 {[%emt 0:02:34]} Be7 {[%emt 0:01:51]} 13. Bb2 {[%emt 0:00:42]} O-O {[%emt 0:01:08]} 14. Rfd1 {[%emt 0:00:55]} Qc7 {[%emt 0:05:06]} 15. Rac1 {[%emt 0:03:34]} Rfd8 {[%emt 0:05:17]} 16. Qb1 {[%emt 0:20:10]} Be4 {[%emt 0:22:58]} 17. Qa1 {[%emt 0:00:46]} Qb7 {[%emt 0:04:02]} 18. Ne1 {[%emt 0:07:47]} Bd5 {[%emt 0:04:54]} 19. f3 {[%emt 0:13:00]} Qa7 {[%emt 0:00:52]} 20. e4 {[%emt 0:03:16]} Bxc4 {[%emt 0:00:58]} 21. Rxc4 {[%emt 0:00:42]} a5 {[%emt 0:06:08]} 22. Kh1 {[%emt 0:04:35]} Qb8 {[%emt 0:02:08]} 23. Rdc1 {[%emt 0:12:15]} cxd4 {[%emt 0:00:56]} 24. Bxd4 {[%emt 0:00:12]} Rxc4 {[%emt 0:00:33]} 25. Rxc4 {[%emt 0:00:09]} Bd6 {[%emt 0:01:22]} 26. Nd3 {[%emt 0:00:43]} Ne8 {[%emt 0:05:25]} 27. g3 {[%emt 0:03:38]} Bc7 {[%emt 0:02:33]} 28. Kg2 {[%emt 0:04:40]} h5 {[%emt 0:00:44]} 29. Qc1 {[%emt 0:15:30]} Nb6 {[%emt 0:02:45]} 30. Rxc7 {[%emt 0:00:04]} Rxd4 {[%emt 0:01:23]} 31. Rc5 {[%emt 0:01:02]} Qd8 {[%emt 0:04:27]} 32. Qe3 {[%emt 0:01:07]} h4 {[%emt 0:00:45]} 33. Rxa5 {[%emt 0:00:25]} hxg3 {[%emt 0:02:13]} 34. hxg3 {[%emt 0:00:55]} Nc4 35. bxc4 {[%emt 0:00:39]} Rxd3 {[%emt 0:00:31]} 36. Qxd3 {[%emt 0:01:52]} Qxa5 {[%emt 0:00:06]} 37. Bd1 {[%emt 0:02:21]} 1-0

[Event "FIDE Chesscom Grand Swiss 2019"]
[Site "Douglas-Isle of Man"]
[Date "2019.10.12"]
[Round "3.20"]
[White "Cheparinov, Ivan"]
[Black "Jobava, Baadur"]
[Result "1-0"]
[WhiteElo "2670"]
[BlackElo "2617"]
[Annotator "TA"]
[PlyCount "91"]
[EventDate "2019.10.10"]
[EventType "swiss"]
[EventCountry "GBR"]
[SourceTitle "playchess.com"]
[Source "ChessBase"]
[SourceQuality "1"]

{[%evp 15,91,31,38,24,53,52,43,32,32,22,32,36,42,37,33,28,33,29,81,81,74,47,94,87,87,85,90,83,114,118,135,120,149,141,138,142,124,126,132,133,117,116,161,158,199,215,307,306,318,312,504,511,511,560,509,514,365,411,894,871,929,879,1016,1002,1179,1384,1427,1397,1086,914,1264,1236,2406,2458,1560,2122,2011,1835]} 1. d4 Nf6 2. c4 e6 3. Nf3 b6 4. g3 Bb7 5. Bg2 Bb4+ 6. Bd2 Bxd2+ 7. Qxd2 d6 8. O-O O-O 9. Qf4 {E16: Queen's Indian: 4 g3 Bb7 5 Bg2 Bb4+} (9. Qc2 c5 10. Rd1 Qe7 11. Nc3 Nc6 12. e3 cxd4 13. Nxd4 Rac8 14. Nxc6 Bxc6 15. e4 Rfd8 16. Qd3 Qc7 {½-½ (24) Inarkiev,E (2686)-Kamsky,G (2670) Sochi 2018}) 9... c5 10. Rd1 Qe7 11. dxc5 $146 {White is slightly better.} ({Predecessor:} 11. Nc3 Rd8 12. d5 e5 13. Qd2 Bc8 14. Ne1 e4 15. Nc2 Re8 16. Ne3 Bd7 {0-1 (51) Wagner,D (2501)-Medvegy,Z (2510) Germany 2014}) 11... dxc5 12. Ne5 Bxg2 13. Kxg2 Qb7+ 14. Qf3 Qxf3+ 15. Kxf3 Rc8 16. Nc3 $36 {[%mdl 2048] White fights for an advantage.} Nc6 (16... Kf8 $11 {keeps the balance.}) 17. Nxc6 $16 Rxc6 18. e4 e5 19. Rd3 Kf8 20. Rad1 Ke7 21. g4 h6 22. h4 a6 23. Nd5+ Nxd5 24. Rxd5 {[%mdl 4096] Endgame KRR-KRR} Ke6 25. Rd7 b5 26. Rb7 bxc4 27. Rdd7 {[#] Re7+ would kill now.} Rf8 28. Ke3 {[%mdl 1024] White has strong compensation.} Kf6 29. a4 g5 {[#]} 30. h5 $1 a5 (30... Kg7 {was called for.} 31. a5 Rf6) 31. f3 $18 Ke6 32. Kd2 Rd6+ $2 (32... Kf6 33. Kc3 Kg7) 33. Rxd6+ Kxd6 {KR-KR} 34. Rb6+ Ke7 35. Kc3 Rd8 36. Kxc4 f6 (36... Rd4+ $142 37. Kxc5 Rxa4 38. Rxh6 Rb4) 37. Kxc5 {White is clearly winning.} Rd3 38. Rb5 Rxf3 39. Rxa5 Re3 40. Ra7+ Ke6 41. a5 {[%cal Ba4a5,Ba5a6,Ba6a7][%mdl 32]} Rxe4 42. a6 Rxg4 43. b4 {[%cal Bb2b4,Bb4b5][%mdl 32]} Rg2 44. Ra8 Ra2 45. a7 Kf5 46. b5 {Accuracy: White = 82%, Black = 27%.} 1-0

[Event "FIDE Chesscom Grand Swiss 2019"]
[Site "Douglas-Isle of Man"]
[Date "2019.10.12"]
[Round "3.20"]
[White "Zvjaginsev, Vadim"]
[Black "Sebag, Marie"]
[Result "1/2-1/2"]
[WhiteElo "2644"]
[BlackElo "2445"]
[Annotator "RC"]
[PlyCount "93"]
[EventDate "2019.10.10"]
[EventType "swiss"]
[EventCountry "GBR"]
[SourceTitle "playchess.com"]
[Source "ChessBase"]
[SourceQuality "1"]
[TimeControl "40/6000+30:20/3000+30:900+30"]

1. Nf3 {[%emt 0:00:00]} d5 {[%emt 0:00:00]} 2. g3 {[%emt 0:00:03]} g6 {[%emt 0:01:04]} 3. Bg2 {[%emt 0:01:45]} Bg7 {[%emt 0:04:57]} 4. O-O {[%emt 0:00:30]} e5 {[%emt 0:01:05]} 5. d3 {[%emt 0:00:28]} Ne7 {[%emt 0:00:59]} 6. c4 {[%emt 0:03:22]} c6 {[%emt 0:02:26]} 7. Nc3 {[%emt 0:03:50]} O-O {[%emt 0:04:17]} 8. Bd2 {[%emt 0:06:15]} h6 {[%emt 0:03:24]} 9. Qb3 {[%emt 0:10:35]} Na6 {[%emt 0:10:17]} 10. cxd5 {[%emt 0:02:07]} cxd5 {[%emt 0:02:41]} 11. Rac1 {[%emt 0:03:00]} Nc5 {[%emt 0:25:06]} 12. Qa3 {[%emt 0:00:33]} b6 {[%emt 0:01:30]} 13. Rfd1 {[%emt 0:06:43]} Bb7 {[%emt 0:05:47]} 14. Be1 {[%emt 0:09:26]} d4 {[%emt 0:09:30]} 15. Ne4 {[%emt 0:01:43]} Nxe4 {[%emt 0:02:56]} 16. dxe4 {[%emt 0:00:11]} Re8 {[%emt 0:04:38]} 17. b4 {[%emt 0:04:10]} Nc8 {[%emt 0:05:40]} 18. Nd2 {[%emt 0:06:04]} Nd6 {[%emt 0:00:25]} 19. Nc4 {[%emt 0:02:47]} Nxe4 {[%emt 0:04:59]} 20. Qd3 {[%emt 0:00:45]} f5 {[%emt 0:00:27]} 21. Nd2 {[%emt 0:01:24]} Nd6 {[%emt 0:01:08]} 22. Bxb7 {[%emt 0:02:48]} Nxb7 {[%emt 0:00:04]} 23. Rc6 {[%emt 0:00:29]} Kh7 {[%emt 0:04:41]} 24. Rdc1 {[%emt 0:00:54]} Nd6 {[%emt 0:01:01]} 25. e4 {[%emt 0:02:21]} f4 {[%emt 0:04:53]} 26. Nf3 {[%emt 0:07:32]} Rc8 {[%emt 0:00:38]} 27. b5 {[%emt 0:05:02]} Rxc6 {[%emt 0:03:38]} 28. bxc6 {[%emt 0:00:32]} fxg3 {[%emt 0:01:40]} 29. hxg3 {[%emt 0:00:56]} Re7 {[%emt 0:00:20]} 30. Kg2 {[%emt 0:04:07]} Rc7 {[%emt 0:00:29]} 31. Bb4 {[%emt 0:01:24]} Qf6 {[%emt 0:00:49]} 32. Bxd6 {[%emt 0:06:59]} Qxd6 {[%emt 0:00:06]} 33. Qc4 {[%emt 0:03:01]} Qf6 {[%emt 0:00:35]} 34. Qd5 {[%emt 0:01:41]} h5 {[%emt 0:02:13]} 35. a4 {[%emt 0:02:36]} g5 {[%emt 0:01:18]} 36. Ne1 {[%emt 0:04:41]} g4 {[%emt 0:00:33]} 37. Kg1 {[%emt 0:02:08]} Bf8 {[%emt 0:01:06]} 38. Nd3 {[%emt 0:01:36]} Bd6 {[%emt 0:00:12]} 39. a5 {[%emt 0:01:07]} Rg7 {[%emt 0:00:53]} 40. axb6 {[%emt 0:03:20]} axb6 {[%emt 0:00:03]} 41. c7 {[%emt 0:14:06]} Rxc7 {[%emt 0:03:48]} 42. Rxc7+ {[%emt 0:00:57]} Bxc7 {[%emt 0:00:03]} 43. Qd7+ {[%emt 0:00:37]} Qg7 {[%emt 0:00:04]} 44. Qe6 {[%emt 0:04:54]} Qg6 {[%emt 0:02:10]} 45. Qd7+ {[%emt 0:00:46]} Qg7 {[%emt 0:00:03]} 46. Qe6 {[%emt 0:00:23]} Qg6 {[%emt 0:00:11]} 47. Qd7+ {[%emt 0:00:27]} 1/2-1/2

[Event "FIDE Chesscom Grand Swiss 2019"]
[Site "Douglas-Isle of Man"]
[Date "2019.10.12"]
[Round "3.21"]
[White "Fedoseev, Vladimir"]
[Black "Abdusattorov, Nodirbek"]
[Result "1-0"]
[WhiteElo "2664"]
[BlackElo "2608"]
[Annotator "RC"]
[PlyCount "129"]
[EventDate "2019.10.10"]
[EventType "swiss"]
[EventCountry "GBR"]
[SourceTitle "playchess.com"]
[Source "ChessBase"]
[SourceQuality "1"]
[TimeControl "40/6000+30:20/3000+30:900+30"]

1. d4 {[%emt 0:00:03]} Nf6 {[%emt 0:00:00]} 2. c4 {[%emt 0:00:11]} e6 {[%emt 0:00:08]} 3. Nf3 {[%emt 0:00:10]} d5 {[%emt 0:00:20]} 4. Nc3 {[%emt 0:03:57]} Be7 {[%emt 0:00:12]} 5. Bf4 {[%emt 0:00:31]} O-O {[%emt 0:00:15]} 6. e3 {[%emt 0:00:20]} Nbd7 {[%emt 0:00:23]} 7. cxd5 {[%emt 0:05:45]} Nxd5 {[%emt 0:01:59]} 8. Nxd5 {[%emt 0:02:02]} exd5 {[%emt 0:00:06]} 9. Bd3 {[%emt 0:00:09]} c5 {[%emt 0:08:48]} 10. dxc5 {[%emt 0:10:19]} Nxc5 {[%emt 0:00:10]} 11. O-O {[%emt 0:00:41]} Nxd3 {[%emt 0:11:10]} 12. Qxd3 {[%emt 0:00:08]} Bg4 {[%emt 0:03:23]} 13. Rac1 {[%emt 0:10:11]} Bxf3 {[%emt 0:01:02]} 14. gxf3 {[%emt 0:00:17]} Bf6 {[%emt 0:12:16]} 15. Rc7 {[%emt 0:09:07]} d4 {[%emt 0:00:57]} 16. e4 {[%emt 0:12:21]} b6 {[%emt 0:02:52]} 17. Rd1 {[%emt 0:10:05]} Re8 {[%emt 0:16:05]} 18. Qc4 {[%emt 0:07:42]} Re7 {[%emt 0:02:39]} 19. Rxe7 {[%emt 0:02:09]} Qxe7 {[%emt 0:00:10]} 20. e5 {[%emt 0:01:07]} Bg5 {[%emt 0:00:50]} 21. Rxd4 {[%emt 0:09:41]} Bxf4 {[%emt 0:01:12]} 22. Rxf4 {[%emt 0:00:05]} Rf8 {[%emt 0:04:38]} 23. Re4 {[%emt 0:03:41]} Qg5+ {[%emt 0:00:40]} 24. Kf1 {[%emt 0:00:44]} Qf5 {[%emt 0:03:53]} 25. Qd3 {[%emt 0:03:47]} g6 {[%emt 0:01:42]} 26. f4 {[%emt 0:03:48]} Rc8 {[%emt 0:01:54]} 27. h3 {[%emt 0:02:27]} Rc1+ {[%emt 0:05:49]} 28. Kg2 {[%emt 0:00:39]} Qc8 {[%emt 0:00:12]} 29. Rd4 {[%emt 0:04:07]} Qc6+ {[%emt 0:00:49]} 30. Qe4 {[%emt 0:00:07]} Qxe4+ {[%emt 0:00:20]} 31. Rxe4 {[%emt 0:00:06]} Rc2 {[%emt 0:00:14]} 32. Rb4 {[%emt 0:01:28]} f6 {[%emt 0:01:53]} 33. a4 {[%emt 0:03:35]} Kf7 {[%emt 0:01:21]} 34. Kg3 {[%emt 0:00:38]} Ke6 {[%emt 0:00:56]} 35. Rb5 {[%emt 0:00:22]} fxe5 {[%emt 0:01:24]} 36. Rxe5+ {[%emt 0:01:11]} Kf6 {[%emt 0:00:22]} 37. b4 {[%emt 0:00:30]} Rc3+ {[%emt 0:01:03]} 38. f3 {[%emt 0:00:30]} Ra3 {[%emt 0:01:27]} 39. a5 {[%emt 0:00:09]} bxa5 {[%emt 0:00:14]} 40. bxa5 {[%emt 0:00:28]} Ra1 {[%emt 0:00:40]} 41. Rc5 {[%emt 0:50:12]} Rg1+ {[%emt 0:51:24]} 42. Kf2 {[%emt 0:01:48]} Ra1 {[%emt 0:00:25]} 43. h4 {[%emt 0:00:17]} h6 {[%emt 0:09:29]} 44. Kg2 {[%emt 0:00:00]} Ra2+ {[%emt 0:00:00]} 45. Kg3 {[%emt 0:00:00]} Ra1 {[%emt 0:00:00]} 46. h5 {[%emt 0:00:00]} gxh5 {[%emt 0:00:00]} 47. Rxh5 {[%emt 0:00:00]} Kg6 {[%emt 0:00:00]} 48. Rc5 {[%emt 0:00:00]} Rg1+ {[%emt 0:00:00]} 49. Kf2 {[%emt 0:00:00]} Ra1 {[%emt 0:00:00]} 50. Rc6+ {[%emt 0:00:00]} Kf5 {[%emt 0:00:00]} 51. Rxh6 {[%emt 0:00:00]} Kxf4 {[%emt 0:00:00]} 52. Rf6+ {[%emt 0:00:00]} Ke5 {[%emt 0:00:00]} 53. Ra6 {[%emt 0:00:00]} Kf4 {[%emt 0:00:00]} 54. Ke2 {[%emt 0:02:57]} Ra2+ {[%emt 0:00:00]} 55. Kd3 {[%emt 0:02:13]} Kxf3 {[%emt 0:00:00]} 56. Rxa7 {[%emt 0:00:00]} Kf4 {[%emt 0:04:17]} 57. Kd4 {[%emt 0:00:00]} Kf5 {[%emt 0:00:00]} 58. Ra6 {[%emt 0:00:00]} Rd2+ {[%emt 0:00:00]} 59. Kc5 {[%emt 0:00:00]} Ra2 {[%emt 0:00:00]} 60. Kd5 {[%emt 0:00:00]} Rd2+ {[%emt 0:00:00]} 61. Kc6 {[%emt 0:14:19]} Ke6 {[%emt 0:05:45]} 62. Kc7+ {[%emt 0:05:15]} Ke7 {[%emt 0:05:34]} 63. Rc6 {[%emt 0:00:00]} Rd7+ {[%emt 0:01:01]} 64. Kb8 {[%emt 0:00:00]} Rd8+ {[%emt 0:02:51]} 65. Kb7 {[%emt 0:00:00]} 1-0

[Event "FIDE Chesscom Grand Swiss 2019"]
[Site "Douglas-Isle of Man"]
[Date "2019.10.12"]
[Round "3.21"]
[White "Danielian, Elina"]
[Black "Hovhannisyan, Robert"]
[Result "0-1"]
[WhiteElo "2385"]
[BlackElo "2639"]
[Annotator "RC"]
[PlyCount "56"]
[EventDate "2019.10.10"]
[EventType "swiss"]
[EventCountry "GBR"]
[SourceTitle "playchess.com"]
[Source "ChessBase"]
[SourceQuality "1"]
[TimeControl "40/6000+30:20/3000+30:900+30"]

1. d4 {[%emt 0:00:00]} d5 {[%emt 0:00:00]} 2. c4 {[%emt 0:00:00]} e6 {[%emt 0:00:00]} 3. Nc3 {[%emt 0:01:22]} Nf6 {[%emt 0:00:00]} 4. Nf3 {[%emt 0:00:25]} c6 {[%emt 0:00:13]} 5. e3 {[%emt 0:00:08]} Nbd7 {[%emt 0:00:12]} 6. Bd3 {[%emt 0:00:35]} dxc4 {[%emt 0:00:25]} 7. Bxc4 {[%emt 0:00:13]} b5 {[%emt 0:00:04]} 8. Bd3 {[%emt 0:00:06]} Bd6 {[%emt 0:00:34]} 9. Bd2 {[%emt 0:02:08]} Bb7 {[%emt 0:02:46]} 10. Rc1 {[%emt 0:00:40]} O-O {[%emt 0:05:05]} 11. O-O {[%emt 0:00:47]} Rc8 {[%emt 0:02:47]} 12. Ne2 {[%emt 0:02:13]} c5 {[%emt 0:16:51]} 13. Bxb5 {[%emt 0:06:42]} cxd4 {[%emt 0:11:52]} 14. Rxc8 {[%emt 0:10:40]} Qxc8 {[%emt 0:00:24]} 15. Nexd4 {[%emt 0:01:50]} Ne5 {[%emt 0:03:38]} 16. Be2 {[%emt 0:10:35]} Ne4 {[%emt 0:17:04]} 17. Nxe5 {[%emt 0:13:46]} Bxe5 {[%emt 0:00:06]} 18. Ba5 {[%emt 0:02:02]} Bd5 {[%emt 0:07:30]} 19. Qa4 {[%emt 0:15:24]} Qb8 {[%emt 0:03:06]} 20. f4 {[%emt 0:25:48]} Bf6 {[%emt 0:00:20]} 21. Qb4 {[%emt 0:08:27]} Bxa2 {[%emt 0:05:19]} 22. Nc6 {[%emt 0:02:18]} Qa8 {[%emt 0:02:29]} 23. Ne7+ {[%emt 0:03:37]} Bxe7 {[%emt 0:01:38]} 24. Qxe7 {[%emt 0:00:02]} Bd5 {[%emt 0:01:19]} 25. Qb4 {[%emt 0:02:06]} Qc6 {[%emt 0:06:53]} 26. Qd4 {[%emt 0:00:20]} Nd6 {[%emt 0:01:21]} 27. Bc3 {[%emt 0:00:26]} Nf5 {[%emt 0:01:09]} 28. Qxa7 {[%emt 0:00:07]} Ra8 {[%emt 0:00:43]} 0-1

[Event "FIDE Chesscom Grand Swiss 2019"]
[Site "Douglas-Isle of Man"]
[Date "2019.10.12"]
[Round "3.22"]
[White "Vovk, Andriy"]
[Black "Maghsoodloo, Parham"]
[Result "0-1"]
[WhiteElo "2618"]
[BlackElo "2664"]
[Annotator "TA"]
[PlyCount "84"]
[EventDate "2019.10.10"]
[EventType "swiss"]
[EventCountry "GBR"]
[SourceTitle "playchess.com"]
[Source "ChessBase"]
[SourceQuality "1"]

{[%evp 9,130,0,22,6,9,20,12,20,20,0,18,0,0,-3,1,-4,16,18,22,40,27,20,30,17,24,17,31,19,51,0,0,0,-12,-49,-43,-86,-69,-73,-49,-77,-77,-74,-22,-22,0,0,0,-16,-16,-22,-20,-24,-3,-14,0,-14,-11,-75,-65,-138,-97,-107,-95,-93,-115,-138,-135,-264,-73,-102,-89,-143,-143,-150,-146,-206,-207,-197,-213,-228,-220,-202,-213,-351,-352,-544,-487,-537,-504,-451,-383,-1384,-861,-6107,-6091,-12830,-12831,-12831,-12827,-12831,-12832,-12832,-12832,-12834,-12834,-12834,-12834,-12837,-12837,-12839,-12840,-12840,-12841,-12841,-12841,-12842,-12842,-12843,-12841,-12842,-12842,-12843,-12841]} 1. e4 e6 2. d4 d5 3. Nd2 c5 4. exd5 Qxd5 5. dxc5 Qxc5 6. Ngf3 {C07: French Tarrasch: 3...c5, 4 Ngf3 and 4 exd5 Qxd5} Nf6 7. Bd3 Be7 8. O-O {The position is equal.} O-O 9. Qe2 Qc7 10. Nd4 $146 ({Predecessor:} 10. Ne4 Nc6 11. Nxf6+ Bxf6 12. Re1 Rd8 13. Qe4 {0-1 (50) Adams,M (2708)-Jumabayev,R (2609) Astana 2019}) 10... a6 11. Ne4 Re8 12. Re1 Bd7 13. Bg5 (13. Nf3 {is interesting.} Bc6 14. Nxf6+ Bxf6 15. Ne5 Bxe5 16. Qxe5 Qxe5 17. Rxe5 Rd8 18. Re3) 13... Nxe4 14. Qxe4 g6 15. Bxe7 Rxe7 16. Qh4 Nc6 17. Nf3 Rae8 18. Re3 f5 19. Qc4 (19. c3 $14) 19... b5 $11 20. Qb3 Na5 21. Qa3 e5 22. Rae1 e4 23. Nd4 Qb6 {[#] aiming for ...b4.} 24. c3 Be6 25. Bf1 Bc4 (25... Nc4 $17 26. Bxc4 Bxc4) 26. b4 Nb7 {[%cal Ba5b7,Bb7d6,Bd6e4][%mdl 32]} 27. Bxc4+ bxc4 28. f3 Nd6 29. fxe4 Nxe4 30. Qb2 h5 31. a4 {[%cal Ba2a4,Ba4a5][%mdl 32]} Kg7 32. a5 Qd6 33. b5 (33. Nf3 $1 $11) 33... axb5 34. Nxb5 ({White should try} 34. Qb4 $1 $15 Qxb4 35. cxb4) 34... Qa6 {[#] ...Rb7 is the strong threat.} 35. Nd4 Re5 $36 {[%mdl 2048] White is under strong pressure.} 36. Qb6 Qxa5 37. Qb7+ R8e7 38. Qc8 (38. Qb2 $17) 38... Qc5 $2 (38... Qa2 $19 {has better winning chances. And now ...Qf2+ would win.} 39. R1e2 Qb1+ 40. Re1 Qb2) 39. Qxc5 $17 Rxc5 40. Ra1 (40. h3 $142) 40... Rcc7 41. h4 Ra7 42. Rd1 (42. Rc1 $17) 42... Ra3 {Played: Re7-d7} 0-1